Normas de Calidad de alimentos y bebidas (Registro nro. 26701)

Detalles MARC
000 -CABECERA
Longitud fija campo de control 01212nam a2200229 a 4500
003 - • IDENTIFICADOR DELl NÚMERO DE CONTROL
Identificador del número de control CO-ViMGA
008 - • CÓDIGOS DE INFORMACIÓN DE LONGITUD FIJA
Códigos de información de longitud fija 141112s2004 ck r 000 u spa d
020 ## - • NÚMERO INTERNACIONAL NORMALIZADO PARA LIBROS
Número Internacional Normalizado para Libros (ISBN) 8471148528
040 ## - FUENTE DE LA CATALOGACIÓN
Centro catalogador de origen CO-ViMGA
Lengua de catalogación spa
Centro transcriptor CO-ViMGA
082 04 - • NÚMERO DE LA CLASIFICACIÓN DECIMAL DEWEY
Número de clasificación (R) 664 M137n
100 1# - • PUNTO DE ACCESO PRINCIPAL-NOMBRE DE PERSONA
Nombre de persona Madríd, Vicente Antonio; Madríd, Cenzano J.
245 10 - • TITULO PROPIAMENTE DICHO
Título Normas de Calidad de alimentos y bebidas
300 ## - • DESCRIPCIÓN FÍSICA
Extensión 540.p.
505 ## - • NOTA DE CONTENIDO CON FORMATO
Nota de contenido con formato Normas de caráter general para todo tipo de alimentos y bebidas Normas de calidad para la carne y productos cárnicos Normas de calidad para la leche y productos lácteos Normas de calidad para el pescado y los productos derivados Normas de calidad de conservas vegetales , zumos y derivados y platos preparados (cocinados), esterilizados Normas de calidad de aceites y grasas Normas de calidad de edulcorantes naturales y derivados Normas de calidad de legumbres (alubias, lentejas, guisantes, garbanzos, habas)
590 ## - NOTAS LOCALES
Nota local Forma de adquisición : Premio - Mincultura
650 14 - • PUNTO DE ACCESO ADICIONAL DE MATERIA - TÉRMINO DE MATERIA
Término de materia o nombre geográfico como elemento inicial ALIMENTOS - NORMAS
650 14 - • PUNTO DE ACCESO ADICIONAL DE MATERIA - TÉRMINO DE MATERIA
Término de materia o nombre geográfico como elemento inicial BEBIDAS - NORMAS
650 14 - • PUNTO DE ACCESO ADICIONAL DE MATERIA - TÉRMINO DE MATERIA
Término de materia o nombre geográfico como elemento inicial INDUSTRIA DE ALIMENTOS - CONTROL DE CALIDAD
942 ## - ENTRADA DE ELEMENTOS AGREGADOS (KOHA)
Fuente de clasificaión o esquema Dewey Decimal Classification
Koha [por defecto] tipo de item LIbro
Existencias
Perdido Fuente de clasificación o esquema Estado Físico No para préstamo Forma de adquisición Localización permanente Localización actual Fecha adquisición Serie de enumeración / cronolog&íacute;a Préstamos totales Signatura completa Código de barras Fecha última consulta Número de copia Fecha del precio de reemplazo Tipo de item de Koha
  Dewey Decimal Classification     Sala Especializada Tercer Piso Biblioteca Pública Germán Arciniegas - Villavicencio Biblioteca Pública Germán Arciniegas - Villavicencio 12/04/2015 Volumen. 1 | 11/jun/2009   664 M137n 17089 12/04/2015 Ej. 1 12/04/2015 LIbro









Instituto Departamental de Cultura del Meta - Red Departamental de Bibliotecas Públicas del Meta.